000 00632naa a2200145Ia 4500
003 ES-SlBCS
005 20210601152707.0
008 140519s1994 xxu||||| |||| 00| 0 eng d
041 _aeng
100 1 _aWalsh, David
_9349712
245 0 0 _aReflections on the Nature of Modernity
_cDavid Walsh
650 4 _aIdentidad Nacional-Modernidad
_9349713
773 0 _tNational Identity as an Issue of Knowledge and Morality : Georgian Philosophical Studies, I / N. V. Chavchavadze, Ghia Nodia, Paul Peachey
_dWashington : Paideia Publishers & the Council for Research in Values and Philosophy, 1994
_g, págs. 107-124
_wVA45679
942 _cAC
999 _c779440
_d779440